[Event "Angers op 3rd"]
[Site "Angers"]
[Date "2008.04.26"]
[Round "3"]
[White "Savary, Xavier"]
[Black "Serafimov, Tervel"]
[Result "0-1"]
[WhiteElo "1898"]
[BlackElo "2355"]
[PlyCount "78"]
[EventDate "2008.04.25"]
[EventType "swiss"]
[EventRounds "6"]
[EventCountry "FRA"]
[SourceTitle "CBM 123 Extra"]
[Source "ChessBase"]
[SourceDate "2008.05.06"]
[SourceVersion "1"]
[SourceVersionDate "2008.05.06"]
[SourceQuality "1"]

1. e4 c6 2. c4 d5 3. cxd5 cxd5 4. exd5 Nf6 5. Bb5+ Nbd7 6. Nc3 g6 7. d4 Bg7 8. d6 exd6 9. Qe2+ Qe7 10. Bf4 Qxe2+ 11. Ngxe2 Ke7 12. 0-0 Nb6 13. Rfe1 Be6 14. Rac1 a6 15. Bd3 Kd7 16. Bg3 Nh5 17. Bh4 Rhe8 18. Be4 Bh6 19. Rcd1 g5 20. d5 gxh4 21. dxe6+ fxe6 22. Bxb7 Ra7 23. Bf3 Nf6 24. Nd4 d5 25. Be4 Kd6 26. Bc2 Rc7 27. Re2 Rce7 28. Bd3 Nh5 29. Bxa6 Nf4 30. Ncb5+ Kd7 31. Rc2 Ra8 32. Nc7 Rg8 33. Bb5+ Kd6 34. Rc6+ Ke5 35. Nf3+ Kf6 36. Rd4 Rgg7 37. Rxb6 Rxc7 38. Ne1 Rc1 39. Kf1 Nxg2 0-1